000 00688cab a2200217 4500
001 ABS40080
008 090401t1988 xxu||||| |||| 00| 0 eng d
035 _a(Sirsi) u21311
041 _aeng
110 _aAnthony Williams and Partners
_93
245 _aTrinity Court
260 _c1988
350 _a0
490 _aBuilding
_v253(7577) 9 December 1988, 40-50(8)
520 _aBuilding dossier on Trinity Court , a sheltered community for old people in Selhurst . It includes an elemental cost analysis.
650 _aBUILT ENVIRONMENT-BUILDING COSTS
650 _aSHELTERED ACCOMMODATION
690 _aBUILDING AND CONSTRUCTION-PROJECTS
942 _n0
948 _c04/03/1997
999 _c14308
_d14308